000 00524nam a22001817a 4500
003 OSt
005 20140310182437.0
008 130221t xxu||||| |||| 00| 0 eng d
020 _a9715845169
050 _aPE 1112
_b.Se443 2006
100 _aSebastian, Evelyn L.
_98581
245 _aEnglish proficiency instruction 2 /
_cEvelyn L. Sebastian.
260 _aQuezon City , Phillippines :
_bC & E Publishing, Inc. ,
_cc2006.
300 _a113 p. ;
_c26 cm.
942 _2lcc
_cSSLC
999 _c13463
_d13463